Phân lập và định danh nấm trên cá rô đồng (Anabas testudineus) nuôi thâm canh : Luận văn Thạc sĩ chuyên ngành Nuôi trồng Thủy sản

Nội dung đề tài khảo sát thành phần mấm kí sinh trên cá rô đồng bị bệnh nấm "nấm nhớt" từ đó cung cấp dữ liệu quan trọng cho những nghiên cứu tiếp theo để đưa ra giải pháp phòng và trị bẹnh hiệu quả....

全面介紹

Đã lưu trong:
書目詳細資料
主要作者: Trần, Ngọc Tuấn
格式: 圖書
語言:Undetermined
出版: Cần Thơ Trường Đại học Cần Thơ 2010
主題:
標簽: 添加標簽
沒有標簽, 成為第一個標記此記錄!
Thư viện lưu trữ: Trung tâm Học liệu Trường Đại học Cần Thơ
LEADER 01150nam a2200217Ia 4500
001 CTU_157914
008 210402s9999 xx 000 0 und d
082 |a 639.31 
082 |b T502 
088 |a 606270 
100 |a Trần, Ngọc Tuấn 
245 0 |a Phân lập và định danh nấm trên cá rô đồng (Anabas testudineus) nuôi thâm canh : 
245 0 |b Luận văn Thạc sĩ chuyên ngành Nuôi trồng Thủy sản 
245 0 |c Trần Ngọc Tuấn ; Phạm Minh Đức ( hướng dẫn khoa học ) 
260 |a Cần Thơ 
260 |b Trường Đại học Cần Thơ 
260 |c 2010 
520 |a Nội dung đề tài khảo sát thành phần mấm kí sinh trên cá rô đồng bị bệnh nấm "nấm nhớt" từ đó cung cấp dữ liệu quan trọng cho những nghiên cứu tiếp theo để đưa ra giải pháp phòng và trị bẹnh hiệu quả. 
650 |a Freshwater fishes,Kỹ thuật nuôi cá nước ngọt 
904 |i Qhieu 
980 |a Trung tâm Học liệu Trường Đại học Cần Thơ